Statistics for Top 10 Best Active Quarterbacks

Click here to take the quiz!

General Stats

  • This quiz has been taken 35 times
  • The average score is 7 of 10

Answer Stats

Rating Quarterback % Correct
267Patrick Mahomes
97%
259Drew Brees
91%
297Lamar Jackson
82%
193Russell Wilson
82%
208Deshaun Watson
70%
241Dak Prescott
55%
193Matthew Stafford
55%
180Matt Ryan
52%
181Jared Goff
45%
189Derek Carr
30%

Score Distribution

Percentile by Number Answered

Percent of People with Each Score

Your Score History

You have not taken this quiz